| 000 | 00403nam a22001697a 4500 | ||
|---|---|---|---|
| 005 | 20250911122715.0 | ||
| 008 | 160701b xxu||||| |||| 00| 0 eng d | ||
| 020 | _a978-81-89904-33-3 | ||
| 041 | _aeng | ||
| 082 | _b622 DES-E | ||
| 100 |
_a DESHMUKH D J _98690 |
||
| 245 | _aELEMENTS OF MINING TECHNOLOGY I | ||
| 260 | _b DENETT | ||
| 300 | _a350 | ||
| 650 |
_aDiploma Engineering _9817 |
||
| 942 | _cBK | ||
| 999 |
_c5046 _d5044 |
||